00528 a2200133 4500082001200000100002800012245007200040260004100112300002500153650001500178999001100193952009500204952009500299 a150 SEX aSexton, Virginia Staudt aPsychology Around the WorldcVirginia Staudt Sexton, Henry K Misiak aIslamabadbNational Book Foundation, aviii, 470p. :c25 cm aPsychology c70d70 00102ddc4070aIESEbIESEd2016-12-07l0o150 SEXpIESE-1620r2016-12-07w2016-12-07yBK 00102ddc4070aIESEbIESEd2016-12-07l0o150 SEXpIESE-1621r2016-12-07w2016-12-07yBK